000 00744nam a2200217Ia 4500
003 GCL
008 140319s9999 xx 000 0 ara d
040 _aGCL /
_cGCL
082 0 4 _aق
_b953.073
_bس ا
100 1 _aسعيد عبدالفتاح عاشور
245 1 0 _aالايوبيون و المماليك فى مصر والشام /
_cسعيد عبدالفتاح عاشور
260 _aالقاهرة :
_bدار النهضة العربية ،
_c1970
300 _a395 ص ؛
_c19 سم
650 0 4 _aالعصر الحديث
650 0 4 _aدولة المماليك
650 0 4 _aالتاريخ الاسلامى
650 0 4 _aالشام
650 0 4 _aالدولة الايوبية
650 0 4 _aمصر - تاريخ
942 _2ddc
_cBK
999 _c59077
_d59077